[Event "GER-chT Christmas U16 Steinitz"]
[Site "Playchess.com INT"]
[Date "2020.12.28"]
[Round "4.2"]
[White "Gottwald, Patrick"]
[Black "Kirchner, Bao Long Marc"]
[Result "1-0"]
[WhiteElo "1526"]
[BlackElo "1312"]
[PlyCount "121"]
[EventDate "2020.12.28"]
[EventType "team-swiss (blitz)"]
[EventRounds "7"]
[EventCountry "GER"]
[SourceTitle "CBM 200 Extra"]
[Source "ChessBase"]
[SourceDate "2021.03.31"]
[SourceVersion "1"]
[SourceVersionDate "2021.03.31"]
[SourceQuality "1"]
[WhiteTeam "Kuppenheim"]
[BlackTeam "Rostock Makkabi II"]
[WhiteTeamCountry "GER"]
[BlackTeamCountry "GER"]

1. d4 d5 2. c4 e6 3. Nc3 Nf6 4. Nf3 Bb4 5. Bd2 0-0 6. e3 Nbd7 7. Bd3 c6 8. 0-0 c5 9. cxd5 exd5 10. a3 Ba5 11. Rc1 Re8 12. dxc5 Nxc5 13. Bb5 Bd7 14. Bxd7 Qxd7 15. Ne2 Bxd2 16. Nxd2 Nce4 17. Nxe4 Nxe4 18. Nc3 Rac8 19. Nxe4 Rxc1 20. Nf6+ gxf6 21. Qxc1 Kh8 22. Qc3 Qf5 23. Rd1 Rg8 24. Qd4 Rd8 25. Qxa7 Qg4 26. Qd4 Rd6 27. Qxg4 Rb6 28. Rxd5 h6 29. Rd8+ Kh7 30. Qg7+ Kxg7 31. b4 Ra6 32. Rd3 Rc6 33. Kf1 f5 34. Ke2 Kg6 35. Rd7 b6 36. Kd3 Kf6 37. Rb7 Ke5 38. f4+ Ke6 39. e4 fxe4+ 40. Kxe4 Rc4+ 41. Kd3 Rc6 42. Kd4 Rd6+ 43. Kc4 Rc6+ 44. Kb5 Kd5 45. Rxb6 Rxb6+ 46. Kxb6 Kc4 47. b5 f6 48. Kc6 f5 49. b6 Kd4 50. b7 Ke4 51. b8Q Ke3 52. Qe5+ Kf2 53. Qxf5 Kxg2 54. Qg6+ Kxh2 55. Qxh6+ Kg2 56. f5 Kg3 57. f6 Kg4 58. f7 Kf5 59. f8Q+ Ke5 60. Qhd6+ Ke4 61. Qff4# 1-0